| 000 | 01841nam a22005177a 4500 | ||
|---|---|---|---|
| 003 | OSt | ||
| 005 | 20230322170926.0 | ||
| 008 | 221006b |||||||| |||| 00| 0 eng d | ||
| 040 | _cBiblioteca Lado V | ||
| 082 |
_a701.1 _bS744a |
||
| 100 |
_9795 _aSrendni de Birbragher, Celia _eeditora _edirectora |
||
| 245 |
_aArtNexus/ _bEl nexo entre Latinoamerica y el resto del mundo/ |
||
| 260 |
_bAsociación de Revistas Culturales _c2001 _aU.S.A. _aColombia |
||
| 300 |
_c21x28cm _a167p. |
||
| 366 | _espa | ||
| 490 |
_a41 _v3 _v2001 _x0120 713 X |
||
| 505 |
_tVik Muniz _aFotografias tridimensionales |
||
| 505 | _tColección de Arte Microsoft | ||
| 505 | _tPremio Luis Caballero | ||
| 505 | _tPatricia Belli | ||
| 505 | _tEl Museo Country de los Angeles | ||
| 505 | _tGego | ||
| 505 | _tAdrian Piper | ||
| 505 | _tVersiones del Sur | ||
| 505 | _tNo es solo lo que ves: pervirtiendo el minimalismo | ||
| 505 | _tMas allá del documento | ||
| 505 | _tEztetyka del sueño | ||
| 505 | _tArt Chicago 2001 | ||
| 505 | _tArte BA | ||
| 505 | _tCrónicas | ||
| 505 | _tExposiciones Colectivas | ||
| 505 | _tGuía de Galerías y Museos | ||
| 505 | _tReseña de libros | ||
| 505 | _tLIbros y Catalogos | ||
| 505 | _tLibros para la Venta | ||
| 650 |
_2Tesauro de Arte & Arquitectura _aARTE _9703 |
||
| 650 |
_2Tesauro de Arte & Arquitectura _aEXPOSICIONES |
||
| 650 |
_2Tesauro de Arte & Arquitectura _aBIENAL |
||
| 650 |
_2Tesauro de Arte & Arquitectura _aAPRECIACION |
||
| 650 |
_2Tesauro de Arte & Arquitectura _aTEORIA |
||
| 650 |
_2Tesauro de Arte & Arquitectura _aCRITICA |
||
| 650 |
_2Tesauro de Arte & Arquitectura _aFOTOGRAFIA _9702 |
||
| 650 |
_2Tesauro de Arte & Arquitectura _aLITERATURA |
||
| 651 |
_2Tesauro de Arte & Arquitectura _aCOLOMBIA |
||
| 942 |
_2ddc _c1 _h701.1 _iS744a _n0 |
||
| 999 |
_c3289 _d3289 |
||